000 00828nam a2200265 a 4500
005 20170629020001.0
008 140122b2004 ck ||||| |||| 00| 0 spa d
041 _aspa
044 _ack
090 _aIAVH
_b00288
100 _aVillarreal, Hector
_94790
245 _aManual de métodos para el desarrollo de inventarios de biodiversidad
260 _aBogotá
_bInstituto de Investigación de Recursos Biológicos Alexander von Humboldt
_c2004
300 _a235 p.
700 _aÁlvarez, Mauricio
_94791
700 _aCórdoba, Sergio
_94511
700 _aEscobar, Federico
_94792
700 _aFagua, Giovanny
_94336
700 _aGast, Fernando
_94240
700 _aMendoza , Humberto
_91986
700 _aOspina, Mónica
_9422
700 _aUmaña, Ana María
_94536
942 _cCD-ROM
_08
_2z
945 _d2004-09-28
999 _c4159
_d4159